• 首页
  • 本馆介绍
  • 公告通知
  • 最新文献
  • 馆藏检索
  • 电子资源
  • 读者导购
  • 参考咨询
  • 我的图书馆
  • 登录
  • 详细信息显示
  • 放入我的书架
  • 预约/预借图书
  • 作者相关作品
  • 分类相关作品
  • 丛书相关作品
  • 出版社相关作品

书目信息

  • 表格格式
  • 工作单格式
  • 卡片格式
书名: Introduction to thermodynamics
作者: Richard E. Sonntag, Gordon J. Van Wylen.
分册号:
分册名:
出版地: New York :
 
出版社: Wiley
出版时间: 1982.
页数: xiv, 810 p. :
开本: 25 cm.
丛书名:
中图分类号:
科图分类号:
其他分类号: O414
主题词:
电子资源:
000 00834nam 2200277 4504
001 E0753992951
005 20070227150248.82
008 811007s1982 nyua b 00110 eng
010    @a81016062
020    @a0471031348.
040    @aDLC@cDLC@dCIN
050 00 @aTJ265@b.S66 1982
082 0  @a536/.7 @2 19
090    @aO414
099    @dO414@ex9
100 1  @aSonntag, Richard Edwin.
245 10 @aIntroduction to thermodynamics :@bclassical and statistical / @cRichard E. Sonntag, Gordon J. Van Wylen.
250    @a2nd ed.
260 0  @aNew York :@bWiley,@c1982.
300    @axiv, 810 p. :@bill. ;@c25 cm.
500    @aIncludes index.
504    @aBibliography: p. 795.
650  0 @aThermodynamics.
650  0 @aStatistical thermodynamics.
700 10 @aVan Wylen, Gordon John.
920    @a232010@z2
    
    Introduction to thermodynamics : : classical and statistical / / Richard E. Sonntag, Gordon J. Van Wylen.-2nd ed.-New York : : Wiley, , 1982.
    xiv, 810 p. : : ill. ; ; 25 cm.
    Includes index.-Bibliography: p. 795.
    
    ISBN 0471031348.
    
●
相关链接 在E读中查询图书 在五车中查询图书 在当当中查询图书 在豆瓣中查询图书


正题名:Introduction to thermodynamics     索取号:O414/x9         预约/预借

序号 登录号 条形码 馆藏地/架位号 状态 备注
1 102273   000638091   第四借阅区/ [索取号:O414/x9] 在馆    
2 181347   000638126   第四借阅区/ [索取号:O414/x9] 在馆    
3 181348   000638117   第四借阅区/ [索取号:O414/x9] 在馆    
4 181349   000451291   第四借阅区/ [索取号:O414/x9] 在馆    
唐山师范学院图书馆 欢迎您!
大连网信软件有限公司© 版权所有